Pető Ferenc
Elmentve itt :
| Dokumentumtípus: | Cikk |
|---|---|
| Megjelent: |
1932-02-04
|
| Sorozat: | Délmagyarország
8 No. 27 |
| Kulcsszavak: | Pető Ferenc, Gyászjelentés |
| Online Access: | http://dmarchiv.bibl.u-szeged.hu/39227 |
| LEADER | 00395nab a2200145 i 4500 | ||
|---|---|---|---|
| 001 | delm39227 | ||
| 005 | 20180927130056.0 | ||
| 008 | 180927s1932 hu o 0|| hun d | ||
| 040 | |a SZTE Délmagyarország Archívum |b hun | ||
| 041 | |a hun | ||
| 245 | 0 | 0 | |a Pető Ferenc |h [elektronikus dokumentum] |
| 260 | |c 1932-02-04 | ||
| 300 | |a 4 | ||
| 490 | 0 | |a Délmagyarország |v 8 No. 27 | |
| 695 | |a Pető Ferenc, Gyászjelentés | ||